ბათუმის შოთა რუსთაველის სახელმწიფო უნივერსიტეტის ბიბლიოთეკა

Betvayed. A House of Night Novel. (ბიბ.ჩანაწერი № 46146)

000 -LEADER
fixed length control field 00556nam a2200217Ia 4500
001 - CONTROL NUMBER
control field 12978
003 - CONTROL NUMBER IDENTIFIER
control field GE_BSU
008 - FIXED-LENGTH DATA ELEMENTS--GENERAL INFORMATION
fixed length control field 181216s||||||||xx |||||||||||||| ||und||
020 ## - INTERNATIONAL STANDARD BOOK NUMBER
International Standard Book Number 9781907410123
040 ## - CATALOGING SOURCE
Transcribing agency GE_BSU
080 ## - UNIVERSAL DECIMAL CLASSIFICATION NUMBER
Universal Decimal Classification number 821.111-32
100 ## - MAIN ENTRY--PERSONAL NAME
Personal name Cast,Kristin.
245 ## - TITLE STATEMENT
Title Betvayed. A House of Night Novel.
245 ## - TITLE STATEMENT
Remainder of title Book two of the house of night.
260 ## - PUBLICATION, DISTRIBUTION, ETC.
Place of publication, distribution, etc. London.
260 ## - PUBLICATION, DISTRIBUTION, ETC.
Name of publisher, distributor, etc. Mixed Sources.
260 ## - PUBLICATION, DISTRIBUTION, ETC.
Date of publication, distribution, etc. 2007
300 ## - PHYSICAL DESCRIPTION
Extent 392p;18cm.
653 ## - INDEX TERM--UNCONTROLLED
Uncontrolled term Betvayed. A House of Night Novel.Book two of the house of night.
942 ## - ADDED ENTRY ELEMENTS (KOHA)
Koha item type წიგნი
ეგზემპლარები
Withdrawn status Lost status Damaged status Not for loan Date acquired Barcode Date last seen Price effective from Koha item type
        2018-12-17 36423 2018-12-17 2018-12-17 წიგნი